000 00303nam a2200097Ia 4500
008 220204s9999 xx 000 0 und d
082 _a338.26(540)
_bSEV.2
245 0 _aSeventh five year plan 1985-90. V 2. Sectoral programmes of development
260 _aNew Delhi
_bPlanning Commission
_c1985
942 _cBK
999 _c39202
_d39202